Central Library OPAC University of Rajshahi

পূর্ব বাঙলার সাময়িকপত্র : (Record no. 8949)

MARC details
000 -LEADER
fixed length control field 01157 am a2200253 a 4500
001 - CONTROL NUMBER
control field 8949
003 - CONTROL NUMBER IDENTIFIER
rucl marc code BD-RjUL
005 - DATE AND TIME OF LATEST TRANSACTION
control field 20211208234702.0
008 - FIXED-LENGTH DATA ELEMENTS--GENERAL INFORMATION
fixed length control field 161020s1999 bg a b 00| 0 ben d
020 ## - INTERNATIONAL STANDARD BOOK NUMBER
International Standard Book Number 9840738453
Terms of availability : Tk. 230.00
035 ## - SYSTEM CONTROL NUMBER
System control number (BD-RjUL)8994
040 ## - CATALOGING SOURCE
Original cataloging agency BD-RjUL
Transcribing agency BD-RjUL
Modifying agency BD-RjUL
Language of cataloging ben
041 ## - LANGUAGE CODE
Language code of text/sound track or separate title ben
082 ## - DEWEY DECIMAL CLASSIFICATION NUMBER
Classification number 016.5405
Author mark and year PUR 1999
Edition number 23
245 ## - TITLE STATEMENT
Title পূর্ব বাঙলার সাময়িকপত্র :
Remainder of title [১৯৪৭-১৯৭১] /
Statement of responsibility, etc. ইসরাইল খান সংকলিত ও সম্পাদিত
260 ## - PUBLICATION, DISTRIBUTION, ETC. (IMPRINT)
Place of publication, distribution, etc. ঢাকা :
Name of publisher, distributor, etc. বাংলা একাডেমী,
Date of publication, distribution, etc. ১৯৯৯
300 ## - PHYSICAL DESCRIPTION
Pagination ৮, ৮১৩ পৃ. ;
Size ২২ সেমি.
490 ## - SERIES STATEMENT
Series statement বাএ ;
Volume/sequential designation ৩৮৩৬
504 ## - BIBLIOGRAPHY, ETC. NOTE
Bibliography, etc তথ্যপঞ্জি সংযুক্ত
650 ## - SUBJECT ADDED ENTRY--TOPICAL TERM
Topical term or geographic name as entry element সাময়িকপত্র
Geographic subdivision বাংলাদেশ (পূর্ব পাকিস্তান)
Chronological subdivision ১৯৪৭-১৯৭১
Form subdivision গ্রন্থপঞ্জি
9 (RLIN) 160356
Topical term or geographic name as entry element Periodicals
Geographic subdivision Bangladesh (East Pakistan)
Chronological subdivision 1947-1971
Form subdivision Bibliography
9 (RLIN) 160357
830 ## - SERIES ADDED ENTRY--UNIFORM TITLE
Uniform title বাএ ;
Volume number/sequential designation ৩৮৩৬
942 ## - ADDED ENTRY ELEMENTS (KOHA)
Source of classification or shelving scheme Dewey Decimal Classification
Koha item type Books
Holdings
Lost status Source of classification or shelving scheme Damaged status Not for loan Collection code Permanent Location Current Location Shelving location Date acquired Source of acquisition Cost, normal purchase price Total Checkouts Full call number Date last seen Copy number Koha item type
  Dewey Decimal Classification   Not For Loan Reference Central Library, University of Rajshahi Central Library, University of Rajshahi   09/06/2011 Dhaka, Bangla Academy 230.00   BR 016.5405 PUR 1999 20/10/2016 C-1 Reference